LEADER 01117nam--2200373---450- 001 990003326190203316 005 20091006144515.0 010 $a978-1-58829-698-6 035 $a000332619 035 $aUSA01000332619 035 $a(ALEPH)000332619USA01 035 $a000332619 100 $a20091006d2007----km-y0itay50------ba 101 $aeng 102 $aGB 105 $a||||||||001yy 200 1 $aPatch-Clamp methods and protocols$fedited by Peter Molnar, James J. Hickman 210 $aTotowa$cHumana press$d2007 215 $aXI, 321 p.$d24 cm 225 2 $aMethods in molecular biology$v403 410 0$12001$aMethods in molecular biology 606 0 $aElettrofisiologia$2BNCF 676 $a572.437 701 1$aHICKMAN,$bJames J.$0606198 702 1$aMOLNAR,$bPeter 801 0$aIT$bsalbc$gISBD 912 $a990003326190203316 951 $a572.437 PAT$b5051 farm.$c572.437$d00228541 959 $aBK 969 $aFAR 979 $aCHIARA$b90$c20091006$lUSA01$h1205 979 $aCHIARA$b90$c20091006$lUSA01$h1445 996 $aPatch-Clamp methods and protocols$91120327 997 $aUNISA LEADER 02280nam 2200673 a 450 001 9910454481803321 005 20210113132916.0 035 $a(CKB)1000000000714025 035 $a(OCoLC)191935685 035 $a(CaPaEBR)ebrary10171707 035 $a(SSID)ssj0000278219 035 $a(PQKBManifestationID)12060789 035 $a(PQKBTitleCode)TC0000278219 035 $a(PQKBWorkID)10242334 035 $a(PQKB)10879185 035 $a(MiAaPQ)EBC3003904 035 $a(EXLCZ)991000000000714025 100 $a20150424g20049999 uy| 0 101 0 $aeng 135 $aur||||||||||| 181 $ctxt$2rdacontent 182 $cc$2rdamedia 183 $acr$2rdacarrier 200 10$aContours of Coherence in Rabbinic Judaism. $n Volume 1$b[electronic resource] /$fJacob Neusner 210 $aLeiden, NLD $cBrill$d2004 210 $cBrill, N.H.E.J., N.V. Koninklijke, Boekhandel en Drukkerij 215 $a1 online resource (464 p.) 225 1 $aSupplements to the Journal for the study of Judaism,$x1384-2161 ;$vv. 97 300 $aBibliographic Level Mode of Issuance: Monograph 300 $aVolume 1 311 $a90-04-14436-6 320 $aIncludes bibliographical references 410 0$aSupplements to the Journal for the study of Judaism ;$vv. 97. 606 $aRabbinical literature$xHistory and criticism 606 $aReligious disputations 606 $aJewish law$xInterpretation and construction 606 $aAggada$xCriticism, interpretation, etc 606 $aRELIGION$2bisac 606 $aJudaism / Talmud$2bisac 606 $aJudaism$2HILCC 606 $aReligion$2HILCC 606 $aPhilosophy & Religion$2HILCC 615 0$aRabbinical literature$xHistory and criticism. 615 0$aReligious disputations. 615 0$aJewish law$xInterpretation and construction. 615 0$aAggada$xCriticism, interpretation, etc. 615 7$aRELIGION 615 7$aJudaism / Talmud 615 7$aJudaism 615 7$aReligion 615 7$aPhilosophy & Religion 676 $a296.1/206 700 $aNeusner$b Jacob$0147791 801 0$bPQKB 801 2$bAzTeS 906 $aBOOK 912 $a9910454481803321 996 $aContours of Coherence in Rabbinic Judaism$91946888 997 $aUNINA